[Event "AUTO-OPEN-797"]
[Site "http://www.queenalice.com/game.php?id=259380"]
[Date "2007.8.22"]
[Round "1"]
[White "GcB"]
[Black "pollo"]
[Result "1-0"]
[WhiteElo "1802"]
[BlackElo "1635"]

1. e4 e5 2. Nf3 d6 3. Nc3 Nc6 4. Bc4 Nf6 5. h3 a6 6. O-O Be7 7. Ng5 Be6 8. Bxe6
fxe6 9. Nxe6 Qd7 10. Ng5 O-O-O 11. Nd5 Rhf8 12. d3 Nxd5 13. exd5 Nd4 14. Ne6
Nxe6 15. dxe6 Qxe6 16. c4 Rf7 17. a4 Rdf8 18. b4 Bh4 19. Be3 d5 20. b5 d4 21.
Qh5 dxe3 22. Qxh4 exf2+ 23. Kh1 Rf4 24. Qxh7 e4 25. bxa6 bxa6 26. Qxg7 exd3 27.
Rad1 Qxc4 28. Rc1 R4f7 29. Rxc4 Rxg7 30. Kh2 d2 31. Rd4 Rd7 32. Rxd7 Kxd7 33.
Kg3 d1=Q 34. Rxd1+ Kc6 35. Rf1 Kd6 36. h4 Rf5 37. Rxf2 Rxf2 38. Kxf2 Ke6 39. Ke3
Kf6 40. Kd4 Kg6 41. Kc5 Kh5 42. Kc6 Kxh4 43. Kxc7 Kg5 44. Kb6 Kf6 45. Kxa6 Ke6
46. a5 Kd6 47. Kb6 Kd7 48. a6 1-0

[Event "AUTO-OPEN-797"]
[Site "http://www.queenalice.com/game.php?id=259381"]
[Date "2007.8.22"]
[Round "1"]
[White "pollo"]
[Black "GcB"]
[Result "1-0"]
[WhiteElo "1653"]
[BlackElo "1608"]

1. e4 e5 2. Nf3 Nc6 3. Bb5 Bc5 4. O-O Nf6 5. Bxc6 dxc6 6. Nxe5 Qd4 7. Nf3 Bg4 8.
Qe1 Qc4 9. Ne5 Qe6 10. Nxg4 Qxg4 11. e5 Ne4 12. d4 Bxd4 13. Be3 Nc5 14. h3 Qh4
15. Bxd4 Qxd4 16. c3 Qd5 17. Nd2 O-O-O 18. Rd1 Nd3 19. Qe3 Qxa2 20. Ra1 Qxb2 21.
Rxa7 Qxc3 22. e6 b6 23. Rfa1 Qxa1+ 24. Rxa1 Rhe8 25. e7 Rd7 26. Ra8+ Kb7 27.
Rxe8 Nc5 28. Rd8 Rxe7 29. Qxe7 Ne6 30. Rh8 h6 31. Rh7 Nd4 32. Rxg7 Nf5 33. Qxf7
Nxg7 34. Qxg7 h5 35. f4 b5 36. f5 Kb6 37. f6 b4 38. f7 Kb5 39. f8=Q 1-0

[Event "Let's Play Chess!"]
[Site "http://www.queenalice.com/game.php?id=268573"]
[Date "2007.9.9"]
[Round "-"]
[White "GcB"]
[Black "HeftigerDuennfluessigerSchach"]
[Result "1-0"]
[WhiteElo "1813"]
[BlackElo "1040"]

1. e4 e6 2. d4 d5 3. e5 c5 4. Nf3 cxd4 5. Qxd4 Bd7 6. Nc3 a6 7. Bd3 Nc6 8. Qe3
Bb4 9. Bd2 Nge7 10. Qg5 O-O 11. Qh4 Ng6 12. Bxg6 Qxh4 13. Nxh4 fxg6 14. a3 Ba5
15. b4 Bb6 16. O-O Nxe5 17. Rae1 1-0

[Event "Challenge"]
[Site "http://www.queenalice.com/game.php?id=269095"]
[Date "2007.9.9"]
[Round "-"]
[White "GcB"]
[Black "Sinhuhe"]
[Result "1-0"]
[WhiteElo "1730"]
[BlackElo "1417"]

1. e4 e5 2. Nf3 Nc6 3. Bc4 Nf6 4. Nc3 a6 5. h3 b5 6. Bd5 Nb4 7. Bxa8 c6 8. a3 d5
9. axb4 Bxb4 10. Bxc6+ Bd7 11. exd5 O-O 12. Rxa6 e4 13. Ra8 Qe7 14. Rxf8+ Kxf8
15. Bxd7 exf3+ 16. Kf1 fxg2+ 17. Kxg2 Qxd7 18. f3 Nxd5 19. Nxd5 Qxd5 20. c3 Qg5+
21. Kf1 Bd6 22. Rg1 Qh5 23. Rh1 b4 24. h4 Qb5+ 25. d3 bxc3 26. bxc3 g6 27. c4
Qb1 28. Bh6+ Ke8 29. Qxb1 Bf8 30. Qb8+ Ke7 31. Bxf8+ Kf6 32. Qd6+ Kf5 33. Bg7 f6
34. Qxf6# 1-0

[Event "AUTO-OPEN-824"]
[Site "http://www.queenalice.com/game.php?id=269452"]
[Date "2007.9.10"]
[Round "1"]
[White "eliskases"]
[Black "GcB"]
[Result "1-0"]
[WhiteElo "1886"]
[BlackElo "1668"]

1. d4 d5 2. c4 Bf5 3. Nc3 dxc4 4. e4 Bg6 5. Bxc4 e6 6. Nf3 Nc6 7. O-O Bb4 8. Re1
Bxc3 9. bxc3 Na5 10. Bb5+ c6 11. Bd3 b5 12. Ne5 Ne7 13. Ba3 O-O 14. Bb4 a6 15.
a4 Nb7 16. Bxe7 Qxe7 17. Nxc6 Qc7 18. d5 Nc5 19. axb5 axb5 20. Bc2 Rxa1 21. Qxa1
f5 22. exf5 Bxf5 23. Bxf5 Rxf5 24. Qa8+ Rf8 25. Qa7 Qxa7 26. Nxa7 exd5 27. Nxb5
Ne4 28. f3 Ng5 29. Re5 Rb8 30. Rxd5 Ne6 31. c4 g5 32. Rd7 1-0

[Event "AUTO-OPEN-824"]
[Site "http://www.queenalice.com/game.php?id=269453"]
[Date "2007.9.10"]
[Round "1"]
[White "GcB"]
[Black "eliskases"]
[Result "0-1"]
[WhiteElo "1659"]
[BlackElo "1865"]

1. e4 e6 2. d4 d5 3. e5 c5 4. Nf3 Nc6 5. Bb5 Bd7 6. Bg5 Qa5+ 7. Nc3 cxd4 8. Nxd4
Nxe5 9. a3 Bxb5 10. b4 Qb6 11. Ndxb5 Nc4 12. Bf4 Rc8 13. Nc7+ Rxc7 14. Bxc7 Qxc7
15. Nb5 Qe5+ 16. Kf1 a6 17. Nd4 Bd6 18. Nf3 Qf6 19. g3 Ne7 20. Kg2 O-O 21. Re1
Nc6 22. Qd3 N6e5 23. Qc3 Nxf3 24. Qxf3 Qxf3+ 25. Kxf3 Rc8 26. Kg2 Kf8 27. c3 Be5
28. Rec1 Nd2 29. Ra2 Ne4 30. Re2 Bf6 31. c4 b6 32. a4 Nc3 33. cxd5 exd5 34. Rd2
Rc4 35. Rxd5 Rxb4 0-1

[Event "AUTO-OPEN-824"]
[Site "http://www.queenalice.com/game.php?id=269474"]
[Date "2007.9.10"]
[Round "1"]
[White "rigler8"]
[Black "GcB"]
[Result "1-0"]
[WhiteElo "1380"]
[BlackElo "1634"]

1. e4 e5 2. Nf3 Nc6 3. Nc3 Nf6 4. b3 Bc5 5. h3 a6 6. a3 a5 7. a4 O-O 8. d3 h6 9.
g4 Bb4 10. Bb2 Nd4 11. Nxe5 d6 12. Nc4 Re8 13. Be2 d5 14. exd5 Nxe2 15. f3 Nxc3+
16. Kd2 Nxd1+ 17. Kxd1 Qe7 18. c3 Qe2+ 19. Kc1 Qxd3 20. cxb4 Qxf3 21. Rh2 Qf1+
22. Kc2 Re2+ 23. Rxe2 Qxe2+ 24. Kc3 b6 25. bxa5 bxa5 26. b4 1-0

[Event "AUTO-OPEN-824"]
[Site "http://www.queenalice.com/game.php?id=269475"]
[Date "2007.9.10"]
[Round "1"]
[White "GcB"]
[Black "rigler8"]
[Result "1-0"]
[WhiteElo "1733"]
[BlackElo "1342"]

1. e4 Nf6 2. e5 Ng4 3. Qxg4 Nc6 4. Nf3 d6 5. Qc4 d5 6. Qb3 Na5 7. Qb5+ c6 8. Qd3
Bf5 9. Qxf5 e6 10. Qf4 h6 11. b4 Nc4 12. d3 g5 13. Qg4 Be7 14. dxc4 h5 15. Qd4
Bxb4+ 16. c3 c5 17. Qd3 Ba5 18. Nxg5 d4 19. Qf3 dxc3 20. Qxf7# 1-0

[Event "AUTO-OPEN-824"]
[Site "http://www.queenalice.com/game.php?id=269486"]
[Date "2007.9.10"]
[Round "1"]
[White "Diego_Silveira"]
[Black "GcB"]
[Result "1-0"]
[WhiteElo "1908"]
[BlackElo "1764"]

1. d4 d5 2. c4 dxc4 3. e4 Nc6 4. Nf3 Nf6 5. Nc3 b5 6. e5 Nd5 7. Nxb5 a6 8. Qa4
Bd7 9. Nc3 Nxe5 10. Qd1 Nxc3 11. bxc3 Nxf3+ 12. Qxf3 e6 13. Bxc4 Bb5 14. Bxb5+
axb5 15. Qc6+ Ke7 16. Qxb5 Qd7 17. Qb7 Ra4 18. O-O f5 19. Re1 Rc4 20. Ba3+ Kf6
21. Bb2 g6 22. a4 Rxa4 23. Rxa4 Qxa4 24. Qxc7 Bg7 25. Qe5+ Kf7 26. Qxe6+ Kf8 27.
Ba3+ Qxa3 28. Qe8# 1-0

[Event "AUTO-OPEN-824"]
[Site "http://www.queenalice.com/game.php?id=269487"]
[Date "2007.9.10"]
[Round "1"]
[White "GcB"]
[Black "Diego_Silveira"]
[Result "0-1"]
[WhiteElo "1758"]
[BlackElo "1887"]

1. e4 c5 2. Nf3 d6 3. h3 Nc6 4. Bc4 e6 5. Nc3 Nf6 6. O-O Be7 7. d3 O-O 8. Bg5
Na5 9. Bxf6 Bxf6 10. Qd2 Nxc4 11. dxc4 Qb6 12. b3 Qb4 13. e5 dxe5 14. Nb5 e4 15.
Qxb4 cxb4 16. Nd2 Bxa1 17. Rxa1 Bd7 18. Nxe4 Bxb5 19. cxb5 Rfd8 20. Nc5 Rab8 21.
Nd3 Rd4 22. g4 Rc8 23. Rc1 Rxd3 24. f4 Rxh3 25. Kg2 Rhc3 0-1

[Event "AUTO-OPEN-835"]
[Site "http://www.queenalice.com/game.php?id=274229"]
[Date "2007.9.19"]
[Round "1"]
[White "Jajer"]
[Black "GcB"]
[Result "1-0"]
[WhiteElo "1159"]
[BlackElo "1747"]

1. e4 e5 2. Nc3 Nf6 3. Bc4 Nc6 4. d3 Bc5 5. Be3 Bxe3 6. fxe3 d6 7. Bb5 Bg4 8.
Nf3 O-O 9. Bxc6 bxc6 10. h3 Bxf3 11. Qxf3 d5 12. exd5 cxd5 13. e4 d4 14. Nb5 Qb8
15. a4 a6 16. Na3 Qxb2 17. O-O c5 18. Rfb1 Qc3 19. Rb3 Qxa1+ 20. Kh2 Rab8 21.
Rxb8 Rxb8 22. Nc4 Rb1 23. g3 Qxa4 24. Nxe5 1-0

[Event "AUTO-OPEN-835"]
[Site "http://www.queenalice.com/game.php?id=274230"]
[Date "2007.9.19"]
[Round "1"]
[White "GcB"]
[Black "Jajer"]
[Result "0-1"]
[WhiteElo "1717"]
[BlackElo "1189"]

1. e4 e6 2. e5 Nc6 3. d4 d5 4. a3 b6 5. Nf3 Nge7 6. Nc3 Nf5 7. h3 Be7 8. b4 a5
9. Bb5 Bb7 10. O-O axb4 11. Na4 O-O 12. c3 bxc3 13. Nxc3 Qd7 14. a4 Bb4 15. Qd3
Qe7 16. Re1 Bxc3 17. Qxc3 Nb4 18. Ba3 c5 19. Rab1 Nh4 20. Rxb4 cxb4 21. Bxb4
Nxf3+ 22. gxf3 Qg5+ 23. Kh1 Rfc8 24. Qd3 Rc7 0-1

[Event "AUTO-OPEN-835"]
[Site "http://www.queenalice.com/game.php?id=274271"]
[Date "2007.9.19"]
[Round "1"]
[White "Boeing"]
[Black "GcB"]
[Result "1-0"]
[WhiteElo "1834"]
[BlackElo "1642"]

1. e4 e5 2. Qh5 Nc6 3. Bc4 g6 4. Qf3 Nf6 5. c3 Bc5 6. d4 exd4 7. Bg5 Ne5 8. Qf4
Nxc4 9. Bxf6 Bd6 10. Qf3 Ne5 11. Bxd8 Nxf3+ 12. Nxf3 Kxd8 13. cxd4 Re8 14. e5 b6
15. O-O Ba6 16. Rc1 Be7 17. Nc3 h5 18. Nd5 c6 19. Ne3 g5 20. Nf5 g4 21. Nd2 Bg5
22. Ne3 Kc7 23. Ne4 Bxe3 24. fxe3 d5 25. Nf6 Rh8 26. Nxd5+ Kb7 27. Nb4 Bb5 28.
b3 a5 29. Nc2 h4 30. a4 Bd3 31. Ne1 Be4 32. Kf2 Rhf8 33. Rc4 f5 34. h3 Rad8 35.
Rd1 c5 36. Kg1 Kc6 37. Kh2 g3+ 38. Kg1 f4 39. exf4 Rxf4 40. Nd3 1-0

[Event "AUTO-OPEN-835"]
[Site "http://www.queenalice.com/game.php?id=274272"]
[Date "2007.9.19"]
[Round "1"]
[White "GcB"]
[Black "Boeing"]
[Result "0-1"]
[WhiteElo "1651"]
[BlackElo "1825"]

1. e4 e5 2. Nf3 d6 3. h3 Nf6 4. Nc3 c6 5. d4 exd4 6. Qxd4 c5 7. Qc4 a6 8. Ng5
Qe7 9. Nd5 Nxd5 10. Qxd5 f6 11. Nf3 Nc6 12. Bc4 Bd7 13. a3 b5 14. Be2 c4 15. b3
c3 16. Bf4 Qe6 17. Rd1 Qxd5 18. exd5 Ne5 19. Bxe5 dxe5 20. Bd3 Bxa3 21. O-O O-O
22. Rfe1 b4 23. g4 a5 24. g5 Bxh3 25. Bc4 Bg4 26. d6+ Kh8 27. Rd3 e4 28. Rxe4
Bf5 29. Re7 Bxd3 30. gxf6 Rxf6 31. Ne5 Bxc2 0-1

[Event "Challenge"]
[Site "http://www.queenalice.com/game.php?id=277773"]
[Date "2007.9.27"]
[Round "-"]
[White "GcB"]
[Black "hwk"]
[Result "1-0"]
[WhiteElo "1815"]
[BlackElo "735"]

1. e4 e5 2. Nf3 d6 3. Nc3 Bd7 4. h3 Be7 5. d4 Nf6 6. d5 Nxe4 7. Nxe4 Bf5 8. Nc3
O-O 9. Bc4 e4 10. Nd4 Bh4 11. Nxf5 c6 12. Nxe4 Be7 13. Qg4 b5 14. Qxg7# 1-0

[Event "Let's Play Chess!"]
[Site "http://www.queenalice.com/game.php?id=280981"]
[Date "2007.10.5"]
[Round "-"]
[White "GcB"]
[Black "ricma"]
[Result "0-1"]
[WhiteElo "1754"]
[BlackElo "1740"]

1. e4 e5 2. Nf3 Nc6 3. Nc3 Bc5 4. Bc4 Nf6 5. d3 h6 6. h3 O-O 7. a3 a6 8. b4 Bb6
9. O-O d6 10. Nd5 Nxd5 11. Bxd5 Ne7 12. Bb3 Kh8 13. d4 Ng6 14. dxe5 dxe5 15.
Qxd8 Rxd8 16. Bxf7 Nf8 17. Nxe5 Bd4 18. Rd1 Bxf2+ 19. Kxf2 Rxd1 0-1

[Event "AUTO-OPEN-858"]
[Site "http://www.queenalice.com/game.php?id=283237"]
[Date "2007.10.8"]
[Round "1"]
[White "kyuss"]
[Black "GcB"]
[Result "1-0"]
[WhiteElo "1451"]
[BlackElo "1754"]

1. d4 d5 2. c4 c6 3. e3 Nf6 4. cxd5 cxd5 5. Nc3 a6 6. Nf3 Nc6 7. e4 dxe4 8. Ne5
h6 9. Bc4 e6 10. Be3 Bd6 11. Nxc6 bxc6 12. O-O Ng4 13. Qxg4 1-0

[Event "AUTO-OPEN-858"]
[Site "http://www.queenalice.com/game.php?id=283238"]
[Date "2007.10.8"]
[Round "1"]
[White "GcB"]
[Black "kyuss"]
[Result "0-1"]
[WhiteElo "1651"]
[BlackElo "1597"]

1. e4 e5 2. Nf3 Nf6 3. Nc3 Nc6 4. a3 d6 5. h3 g6 6. Bc4 Nxe4 7. Nxe4 d5 8. Bxd5
f5 9. Nc3 Bc5 10. d3 e4 11. dxe4 Ne7 12. exf5 Bxf5 13. Bxb7 Rb8 14. Bd5 c6 15.
b4 Qd6 16. bxc5 Qxc5 17. Qd4 Qxd4 18. Nxd4 cxd5 19. O-O Bd7 20. Re1 Kf7 21. Bf4
Rb7 22. Re5 Rc8 23. Nxd5 Nc6 24. Nxc6 Bxc6 25. Nb4 Bb5 26. g4 a5 0-1